000 01218nam a2200337Ia 4500
001 Para_8852
003 CHAP
008 220125s2004 xx 000 0 und d
010 _a207615
040 _cCHAP
090 _aPA TESIS 1814
100 _aEspinosa Mendoza, Luis Manuel
_937961
245 _aControl de Trialeurodes vaporariorum mediante el uso de extractos de Petiveria alliacea L. en Jitomate hidropónico bajo invernadero /
_c por Luis Manuel Espinosa Mendoza /
_c por Luis Manuel Espinosa Mendoza
260 _aChapingo, Méx. :
_b el autor
300 _a57 h.
502 _aTesis (M.C. Esp. Protección Vegetal) UACh. Departamento Parasitología Agrícola
650 _aControl biológico de insectos
_927582
650 _aCultivos sin suelo
_9164107
650 _aPetiveria alliacea
_987639
650 _aPlantas insecticidas
_989010
650 _aTomate
_x plagas
_9113748
650 _aTrialeurodes vaporariorum
_9114900
710 _aUACh. Departamento Parasitología Agrícola
_9164025
901 _aPA TESIS 1814
902 _aA
905 _a0000002004 in 0000000000 00
910 _a2004
942 _cPARA
942 _cPARA
_d1
999 _c207615
_d207615